Responses for show #8067 - Tuesday, October 8, 2019

Contestants

Scottie Biddle, a software engineer from San Francisco, California

Rahul Garabadu, a judicial law clerk from Salt Lake City, Utah

Jessica Garsed, a librarian from Augusta, Maine (whose 1-day cash winnings total $12,600)

Jeopardy! Round responses

MANY HANDS
MAKE LIGHT WORK
HISTORY, THROUGH THE CENTURIES
THE MEAT INDUSTRY HALL OF FAME
SONG & MOVIE: SAME TITLE
"RA", "RA", "SIS", "BOOM", "BA"
(Alex: Those quotation marks indicate the first letters of each correct response as we go down, from $200 to $1000.)
    $200 24
"I Want To Hold Your Hand"

Scottie
    $200 11
solar power

Scottie
    $200 7
black death

Jessica
    $200 28
Colonel Sanders

Scottie
    $200 1
"Iron Man"

Jessica
    $200 16
racquetball

Rahul
    $400 22
Buddhism

Rahul
    $400 12
a microscope

Jessica
    $400 3
the Magna Carta

Scottie
    $400 21
chicken

Jessica
    $400 2
"Vertigo"

Scottie
    $400 30
(Alex: I believe we're gonna have a score change to announce at the beginning of the next round.)

ramen

Scottie
    $600 20
black hand

Scottie
    $600 13
Pink Floyd

Jessica
    $600 4
the Erie Canal

Scottie
    $600 25
(Alex: With less than a minute now.)

Wendy's

Scottie
    $600 8
"Babe"

Jessica
    $600 29
the Sistine Chapel

Jessica
    $800 18
"You're in good hands"

Scottie
    $800 14
(Rahul: What is an observatory?)

a planetarium

RahulScottie
    $1,000 5
Pocahontas

Scottie
    $800 27
(Jessica: What is Omaha Steak?)
[Jessica's response was ruled correct and reversed after the break]

Omaha Steaks

Jessica
Triple Stumper
    $800 9
(Scottie: What is "Million Dollar Baby"?)

"Boys Don't Cry"

JessicaScottie
    $800 23
a boomerang

Scottie
    $1000 19
Hands Across America

Jessica
    $1000 15
(Scottie: Who are architects?)

cinematographers

Scottie
Triple Stumper
    $1000 6
Peter the Great

Jessica
    $1000 26
E. coli

Jessica
    $1000 10
"Strange Brew"

Triple Stumper
    $1000 17
Balderdash

Rahul

Scores at the first commercial break (after clue 15):

Jessica Rahul Scottie
$3,800 -$800 $1,600

Scores at the end of the Jeopardy! Round:

Jessica Rahul Scottie
$6,000 $800 $5,200

Double Jeopardy! Round responses

1890s LITERATURE
THESE TV SHOWS ARE OLD ENOUGH TO DRINK
COMPUTER KEYBOARDS
WE NEED SOME HELP
WOMEN COMPOSERS
MUNICIPAL BEFORE & AFTER
    $400 5
Control-Alt-Delete

Jessica
    $400 26
[The end-of-round signal sounds.]

a leg up

Jessica
    $400 19
Mendelssohn

Jessica
    $800 14
Cyrano de Bergerac

Rahul
    $800 6
caret

Scottie
    $800 25
an assist

Scottie
    $800 18
the Boston Symphony Orchestra

Jessica
    $800 24
(Rahul: What is... Stuart Little Big Horn?)

Stuart Little Rock

JessicaRahul
    $1200 2
Nietzsche

Rahul
    $1200 11
Cops

Scottie
    $1200 13
India

Rahul
    $1200 22
(Alex: Less than a minute now.)

benefit

Scottie
    $1200 17
The Full Monty

Jessica
    $2,000 23
(Scottie: What is concertina?)

Baby Grand Rapids

Scottie
    $1600 1
(Rahul: Who is Mesmer?)

Svengali

JessicaRahul
    $1600 10
The Young and the Restless

Jessica
    $6,000 7
(Scottie: What is... send?)

Morse code

Scottie
    $1600 21
support

Triple Stumper
    $1600 16
the viola

Triple Stumper
    $1600 9
Eau Claire Danes

Scottie
    $2000 3
(Alex: I liked him too.)
[Laughter]

Sholem Aleichem

Triple Stumper
    $2000 12
(Scottie: Who is Rooney?)

Steve Kroft

Scottie
Triple Stumper
    $2000 4
the backslash

Jessica
    $2000 20
facilitate

Scottie
    $2000 15
(Rahul: Who is Schubert?)

(Robert) Schumann

JessicaRahul
    $2000 8
Newport News cycle

Triple Stumper

Scores at the end of the Double Jeopardy! Round:

Jessica Rahul Scottie
$17,200 -$400 $2,800
(lock game)

[wagering suggestions for these scores]

Final Jeopardy! Round responses

LAST WORDS
ScottieWho is Custer?
$2,800
JessicaWho is Bill Hickock?
$2,800
Bill Hickock

Final scores:

Jessica Rahul Scottie
$20,000 -$400 $0
2-day champion: $32,600 3rd place: $1,000 2nd place: $2,000

Game dynamics:

Coryat scores:

Jessica Rahul Scottie
$17,200 -$400 $10,600
21 R,
1 W
6 R,
4 W
19 R
(including 1 DD),
5 W
(including 2 DDs)

Combined Coryat: $27,400

The J! Archive is created by fans, for fans. The Jeopardy! game show and all elements thereof, including but not limited to copyright and trademark thereto, are the property of Jeopardy Productions, Inc. and are protected under law. This website is not affiliated with, sponsored by, or operated by Jeopardy Productions, Inc. Join the discussion at JBoard.tv.